000 00714nam a2200241 i 4500
001 7543
003 ES-MaACL
005 20250611063058.0
008 910303s1988 sp |||| | spa d
020 _a84-253-2003-8
080 _a9(100)"1945/1946"
080 _a327.5(100)"1945/1946"
100 1 _aThomas, Hugh,
_d1931-2017
_9110019
245 1 0 _aPaz armada
_b: los comienzos de la guerra fría (1945-1946) /
_cHugh Thomas.
250 _a1ª ed.
260 _aBarcelona :
_bGrijalbo,
_c1988.
300 _a648 p. ;
_c21 cm.
500 _aÍndices.
650 1 4 _aGuerra fría.
_913206
650 4 _aPolítica mundial-
_y1945-1955.
_916302
852 _aES-MaACL
_jL-14830
999 _c7543
_d7543